Statistics for Category Elimination - Countries #5

Click here to take the quiz!

General Stats

  • This quiz has been taken 106,046 times
  • The average score is 14 of 20

Answer Stats

Group#Category% Correct
Green38Countries that start with a vowel
100%
Green21... with blue on their national flag
98%
Green15... which are not landlocked
96%
Orange151Countries not in Europe
93%
Orange67... without green on their national flag
93%
Orange40... not containing the letter E
91%
Green6... with a population of at least 20 million
88%
Blue83... with one word in its name
85%
Blue99Countries with a max. elevation over 2.5km
85%
Purple87Countries with pop. density over 100 per km²
82%
Purple40... that contain the letter E
79%
Blue42... with less than 1,000 km of coastline
78%
Orange7... whose capital lies south of the equator
76%
Purple26... not in Asia
70%
Blue5... with a population below 1 million
57%
Purple5... which are landlocked
54%
Green1... and which is smaller than 500,000 km²United
Kingdom
35%
Orange1... and which has no coastlineBotswana
19%
Purple1... and start with a vowelEthiopia
17%
Blue1... and has green and black on its national flagGuyana
3%

Score Distribution

Percentile by Number Answered

Percent of People with Each Score

Your Score History

You have not taken this quiz